[Event "CZE-chT2F 1516"]
[Site "Czech Republic"]
[Date "2015.12.06"]
[Round "4.47"]
[White "Hurta, Jiri"]
[Black "Navratil, Marek"]
[Result "0-1"]
[WhiteElo "1784"]
[BlackElo "1862"]
[PlyCount "96"]
[EventDate "2015.10.18"]
[EventType "team-tourn"]
[EventRounds "11"]
[EventCountry "CZE"]
[SourceTitle "EXT 2022"]
[Source "ChessBase"]
[SourceDate "2021.10.06"]
[SourceVersion "1"]
[SourceVersionDate "2021.10.06"]
[SourceQuality "1"]
[WhiteTeam "Ostrava Labortech II"]
[BlackTeam "Kromeriz Slavia II"]
[WhiteTeamCountry "CZE"]
[BlackTeamCountry "CZE"]

1. Nf3 Nf6 2. g3 e6 3. Bg2 Be7 4. 0-0 c5 5. d3 Nc6 6. e4 d6 7. Nbd2 Rb8 8. b3 Qc7 9. Bb2 0-0 10. Re1 e5 11. Nf1 b5 12. Ne3 Na5 13. Nh4 Re8 14. f4 c4 15. Nhf5 Bf8 16. bxc4 bxc4 17. Ba3 Bd7 18. d4 exf4 19. gxf4 g6 20. Bxd6 Bxd6 21. Nxd6 Qxd6 22. e5 Qb6 23. exf6 Qxf6 24. Nd5 Qd6 25. Qd2 Nc6 26. c3 Bf5 27. Re5 f6 28. Re3 Rxe3 29. Qxe3 Rb2 30. Qe8+ Kg7 31. Re1 Rxg2+ 32. Kxg2 Qxd5+ 33. Kf2 Bg4 34. Qe3 Nd8 35. Rb1 Ne6 36. Rb8 g5 37. Qg3 Bh5 38. fxg5 Qf5+ 39. Kg1 fxg5 40. Rb7+ Kg6 41. Qe5 Qg4+ 42. Kf2 Qf3+ 43. Kg1 Qxb7 44. Qxe6+ Kg7 45. Qe5+ Kg8 46. d5 Qb1+ 47. Kf2 Qc2+ 48. Ke3 Qc1+ 0-1

[Event "CZE-chT2E 1415"]
[Site "Czech Republic"]
[Date "2015.04.19"]
[Round "11.7"]
[White "Navratil, Marek"]
[Black "Jurak, Stanislav"]
[Result "1-0"]
[WhiteElo "1848"]
[BlackElo "1839"]
[PlyCount "47"]
[EventDate "2014.11.02"]
[EventType "team-tourn"]
[EventRounds "11"]
[EventCountry "CZE"]
[SourceTitle "EXT 2022"]
[Source "ChessBase"]
[SourceDate "2021.10.06"]
[SourceVersion "1"]
[SourceVersionDate "2021.10.06"]
[SourceQuality "1"]
[WhiteTeam "Kromeriz Slavia II"]
[BlackTeam "Hustopece"]
[WhiteTeamCountry "CZE"]
[BlackTeamCountry "CZE"]

1. e4 e6 2. d3 d5 3. Nd2 Nf6 4. Ngf3 Be7 5. g3 0-0 6. Bg2 dxe4 7. dxe4 Nc6 8. e5 Nd5 9. 0-0 Qe8 10. c4 Ndb4 11. Ne4 Qd7 12. Bg5 Rd8 13. Qxd7 Rxd7 14. Bxe7 Nxe7 15. Nc5 Rd8 16. Rfd1 Re8 17. Nd4 Rb8 18. Nb5 a6 19. Nxc7 Rf8 20. a3 Nbc6 21. f4 g6 22. b4 Nf5 23. Bxc6 bxc6 24. Rd3 1-0

[Event "CZE-chT2F 1213"]
[Site "Czech Republic"]
[Date "2012.12.16"]
[Round "5.18"]
[White "Mikulec, Jiri"]
[Black "Navratil, Marek"]
[Result "1-0"]
[WhiteElo "2014"]
[BlackElo "1861"]
[PlyCount "101"]
[EventDate "2012.10.14"]
[EventType "team-tourn"]
[EventRounds "11"]
[EventCountry "CZE"]
[SourceTitle "EXT 2016"]
[Source "ChessBase"]
[SourceDate "2015.10.08"]
[SourceVersion "1"]
[SourceVersionDate "2015.10.08"]
[SourceQuality "1"]
[WhiteTeam "Dobra"]
[BlackTeam "Kromeriz Slavia II"]
[WhiteTeamCountry "CZE"]
[BlackTeamCountry "CZE"]

1. c4 Nf6 2. Nc3 e6 3. e4 d6 4. g3 b6 5. Bg2 Bb7 6. Nge2 c5 7. 0-0 Nc6 8. d3 Rc8 9. f4 Qc7 10. h3 Be7 11. f5 d5 12. fxe6 fxe6 13. exd5 exd5 14. Nxd5 Nxd5 15. Bxd5 Bf6 16. Nf4 Ne7 17. Qg4 Bxd5 18. cxd5 Qd7 19. Ne6 Qxd5 20. Bf4 h5 21. Qe2 Kf7 22. Rae1 Nf5 23. Nc7 Qd7 24. Qe4 Nd4 25. Nd5 Rce8 26. Be5 Rh6 27. Nxf6 gxf6 28. Qf4 Rg6 29. Bxf6 Ne6 30. Qf3 Reg8 31. Be5+ Ke8 32. Qxh5 Qxd3 33. Rf6 Ke7 34. Rxg6 Rxg6 35. Qh7+ Ke8 36. Qh8+ Kd7 37. Qh4 Qd2 38. Bc3 Qd3 39. g4 b5 40. Qf2 b4 41. Be5 Ng5 42. Re3 Qb1+ 43. Kh2 Qxa2 44. Rd3+ Kc6 45. Qf5 Qg8 46. Qd7+ Kb6 47. Bc7+ Ka6 48. Qa4+ Kb7 49. Qb5+ Kxc7 50. Rd7+ Kc8 51. Qb7# 1-0